Statistics for Countries that do NOT recognize Kosovo's independence

Click here to take the quiz!

General Stats

  • This quiz has been taken 915 times
    (831 since last reset)
  • The average score is 43 of 82

Answer Stats

Answer% Correct
Serbia
90%
Russia
89%
China
81%
Greece
74%
Brazil
73%
Belarus
72%
Ukraine
72%
Argentina
71%
Romania
70%
Spain
70%
Bosnia and Herzegovina
69%
India
68%
Mexico
67%
Chile
66%
Algeria
65%
Cuba
64%
Slovakia
64%
Venezuela
64%
Iran
62%
Paraguay
61%
Armenia
60%
Bolivia
60%
Iraq
60%
Uruguay
60%
Ecuador
59%
Moldova
58%
Syria
58%
Suriname
57%
Indonesia
55%
Morocco
55%
South Africa
55%
Georgia
54%
Sudan
54%
Vietnam
54%
Azerbaijan
53%
Israel
53%
Turkmenistan
53%
Uzbekistan
53%
Nigeria
52%
Democratic Republic of the Congo
51%
Ethiopia
51%
Laos
50%
Tajikistan
50%
Tunisia
50%
Cambodia
49%
Kazakhstan
49%
Angola
48%
Cyprus
48%
Mongolia
48%
Nepal
48%
Nicaragua
48%
South Sudan
48%
Bhutan
47%
Guatemala
47%
Jamaica
47%
Lebanon
46%
Mali
46%
Bahamas
44%
Eritrea
44%
Kenya
44%
Zimbabwe
44%
Bangladesh
43%
Barbados
42%
Zambia
42%
Botswana
41%
Kyrgyzstan
41%
Namibia
41%
Sri Lanka
41%
Madagascar
40%
Mozambique
40%
Trinidad and Tobago
40%
Uganda
40%
Rwanda
39%
Cameroon
38%
Singapore
36%
Saint Vincent and the Grenadines
35%
Mauritius
31%
Philippines
31%
Seychelles
31%
Equatorial Guinea
28%
Cape Verde
27%
Burma
25%

Score Distribution

Percentile by Number Answered

Percent of People with Each Score

Your Score History

You have not taken this quiz since the last reset